000 00423cam a2200169ua 4500
020 _c18.00
041 _amal
_h
082 _a335.4
_bMAR/MO
100 _aMarx, Karl .
245 _aMooladhanam, Vol 1 /
_cKarl Marx.
_hTextual Documents
260 _aKottayam :
_bSahitya Pravarthaka Co-operative Society ,
_c1968.
300 _a1074 ; .
365 _a18.00
504 _a
942 _cBK
999 _c5962
_d5962